Nana Sahib and the rising at Cawnpore / (Record no. 22388)
[ view plain ]
| 000 -LEADER | |
|---|---|
| fixed length control field | 00738cam a22002531 4500 |
| 001 - CONTROL NUMBER | |
| control field | 7507777 |
| 003 - CONTROL NUMBER IDENTIFIER | |
| control field | BDDh-ASL |
| 005 - DATE AND TIME OF LATEST TRANSACTION | |
| control field | 20231015030127.0 |
| 008 - FIXED-LENGTH DATA ELEMENTS--GENERAL INFORMATION | |
| fixed length control field | 741115s1963 xx 000 0 eng |
| 010 ## - LIBRARY OF CONGRESS CONTROL NUMBER | |
| LC control number | 63002419 |
| 015 ## - NATIONAL BIBLIOGRAPHY NUMBER | |
| National bibliography number | GB63-4211 |
| 035 ## - SYSTEM CONTROL NUMBER | |
| System control number | (OCoLC)1077615 |
| 040 ## - CATALOGING SOURCE | |
| Original cataloging agency | DLC |
| Transcribing agency | PBm |
| Modifying agency | Uk |
| -- | DLC |
| -- | BDDh-ASL |
| 050 00 - LIBRARY OF CONGRESS CALL NUMBER | |
| Classification number | DS478 |
| Item number | .G97 |
| 082 ## - DEWEY DECIMAL CLASSIFICATION NUMBER | |
| Classification number | 954.2 |
| Item number | PRN |
| 100 1# - MAIN ENTRY--PERSONAL NAME | |
| Personal name | Gupta, Pratulacandra, |
| Dates associated with a name | 1910- |
| 245 10 - TITLE STATEMENT | |
| Title | Nana Sahib and the rising at Cawnpore / |
| 260 ## - PUBLICATION, DISTRIBUTION, ETC. | |
| Place of publication, distribution, etc. | Oxford : |
| Name of publisher, distributor, etc. | Clarendon Press, |
| Date of publication, distribution, etc. | 1963. |
| 300 ## - PHYSICAL DESCRIPTION | |
| Extent | 227 p. : |
| Other physical details | illus. ; |
| Dimensions | 23 cm. |
| 600 00 - SUBJECT ADDED ENTRY--PERSONAL NAME | |
| Personal name | Nana Sahib, |
| Dates associated with a name | 1820?-1859? |
| 651 #0 - SUBJECT ADDED ENTRY--GEOGRAPHIC NAME | |
| Geographic name | Kānpur (India) |
| General subdivision | History |
| Chronological subdivision | Siege, 1857. |
| 906 ## - LOCAL DATA ELEMENT F, LDF (RLIN) | |
| a | 7 |
| b | cbc |
| c | oclcrpl |
| d | u |
| e | ncip |
| f | 19 |
| g | y-gencatlg |
| 942 ## - ADDED ENTRY ELEMENTS (KOHA) | |
| Source of classification or shelving scheme | Dewey Decimal Classification |
| Koha item type | Books |
| Withdrawn status | Lost status | Source of classification or shelving scheme | Damaged status | Not for loan | Collection code | Home library | Current library | Shelving location | Date acquired | Source of acquisition | Total Checkouts | Full call number | Barcode | Date last seen | Copy number | Price effective from | Koha item type | Public note |
|---|---|---|---|---|---|---|---|---|---|---|---|---|---|---|---|---|---|---|
| Dewey Decimal Classification | Non-fiction | Asiatic Society Library | Asiatic Society Library | General Stacks | 02/27/2021 | ASB Library Collections | 954.2 PRN | 106616 | 02/27/2021 | C-1 | 02/27/2021 | Books | RARE |